星のカービィシリーズのタイトル穴埋め - Statistics

General Stats
  • This quiz has been taken 197 times
  • The average score is 10 of 13
Answer Stats
発売日 タイトル 機種 % Correct
2016年4月28日 星のカービィロボボプラネット 3DS
88%
1992年4月27日 星のカービィ ゲームボーイ
83%
2022年3月25日 星のカービィディスカバリー Switch
83%
2018年3月16日 星のカービィスターアライズ Switch
82%
2011年10月27日 星のカービィWii Wii
81%
1996年3月21日 星のカービィスーパーデラックス スーパーファミコン
80%
1998年3月27日 星のカービィ3 スーパーファミコン
76%
2000年3月24日 星のカービィ64 NINTENDO64
76%
1995年3月21日 星のカービィ2 ゲームボーイ
71%
2014年1月11日 星のカービィトリプルデラックス 3DS
70%
2004年4月15日 星のカービィ鏡の大迷宮 ゲームボーイアドバンス
67%
2006年11月2日 星のカービィ参上!ドロッチェ団 DS
64%
1993年3月23日 星のカービィ夢の泉の物語 ファミコン
60%
No matching quizzes found
Score Distribution
Percent of People with Each Score
Percentile by Number Answered
Your Score History
You have not taken this quiz